| 000 | 01219cab a2200265 ab4500 | ||
|---|---|---|---|
| 005 | 20240806064222.0 | ||
| 008 | 991125c2014 ag fr p o 000 0 spa d | ||
| 035 | _aUPN01000217185 | ||
| 040 |
_aMX-MxUPN _bspa _cMX-MxUPN _eaacr2 |
||
| 049 | _aART-E | ||
| 100 | 1 | _aAnton, María Cecilia | |
| 100 | 1 | _uantonc@copetel.com.ar | |
| 245 | 1 | 0 |
_aPasado e historia en psiconálisis _h[recurso electrónico en línea] |
| 506 | 0 | _aAcceso abierto | |
| 520 | 3 | _aEl pasado no es historia. Lo pasado y las historias conviven alternada o simultáneamente produciendo efectos en el sujeto. El pasado espera traducción a palabras, mientras que las historias constituyen versiones, a veces contradictorias que pueden convivir entre sí. Haremos una revisión de ambos conceptos desde el psicoanálisis e ilustraremos con un recorte clínico. PP | |
| 650 | 4 |
_aPsicoanálisis _91572 |
|
| 653 | 0 | _aPasado | |
| 653 | 0 | _aHistoria | |
| 653 | 0 | _aInconsciente | |
| 773 |
_gVol. 11, no. 2 (2015), p. 71-74 _thttp://200.0.183.216/revista/index.php/pep/article/view/122 _x1853-8800 |
||
| 856 | 4 | _uhttp://200.0.183.216/revista/index.php/pep/article/view/122 | |
| 902 | _bLeonor Sotres/101023 | ||
| 905 | _aArticulo | ||
| 942 | _cART-E | ||
| 999 |
_c189285 _d189285 |
||